|
|
|
|
| LEADER |
00000nab a2200000 a 4500 |
| 001 |
vtls011113061 |
| 003 |
SK-MaSNL |
| 005 |
20260413152007.0 |
| 008 |
230222|1942 xo |||||||||||||||||slo| |
| 015 |
|
|
|a SNBRB
|
| 035 |
|
|
|a (uuid)3cadd13f-ab87-40ee-8d91-49b3aa155a09
|
| 035 |
|
|
|a (urnnbn)urn:nbn:sk:snk:ar-a08h5w
|
| 035 |
|
|
|a urn:nbn:sk:snk-ab9jmf
|
| 040 |
|
|
|a SNKBUCL
|b slo
|c SNKBUCL
|e AACR2
|
| 041 |
0 |
|
|a slo
|
| 044 |
|
|
|a xo
|c SK
|
| 100 |
1 |
|
|a Babor, Josef Florián,
|d 1872-1951
|4 aut
|9 1636796
|
| 245 |
1 |
0 |
|a Význam vitamínu E pre vznik života
|c J. F. Babor
|
| 773 |
0 |
|
|t Slovenské liečivé rastliny
|g Roč. 2, č. 2-3 (1942), s. 45-48
|
| 954 |
|
|
|a odborná, vedecká literatúra pôvodná (slovenská)
|2 lita
|
| 958 |
|
|
|a OND
|
| 958 |
|
|
|a EUIPO
|
| 958 |
|
|
|a article13
|
| 999 |
|
|
|c 2012186
|d 2014116
|